| Tag |
First Indicator |
Second Indicator |
Subfields |
| LEADER |
00000cam a2200000 4500 |
| 001 |
in00000060164 |
| 005 |
20151008051607.0 |
| 008 |
730306s1959 nyu 00000 eng u |
| 010 |
|
|
|a 59011045
|
| 035 |
|
|
|a (OCoLC)00569278
|
| 035 |
|
|
|9 AAG8857AM
|
| 040 |
|
|
|c AKR
|d TXA
|d UtOrBLW
|
| 049 |
|
|
|a TXAM
|
| 050 |
0 |
0 |
|a HJ2051
|b .C6214
|
| 082 |
0 |
|
|a 336.73
|
| 092 |
|
|
|a 336.73
|b C734b
|
| 110 |
2 |
|
|a Committee for Economic Development.
|
| 245 |
1 |
4 |
|a The budget and economic growth ;
|b a statement on national policy by the Research and Policy Committee of the Committee for Economic Development.
|
| 264 |
|
1 |
|a [New York],
|b [publisher not identified] ;
|c 1959.
|
| 300 |
|
|
|a 44 pages :
|b illustrations ;
|c 28 cm.
|
| 336 |
|
|
|a text
|b txt
|2 rdacontent
|
| 337 |
|
|
|a unmediated
|b n
|2 rdamedia
|
| 338 |
|
|
|a volume
|b nc
|2 rdacarrier
|
| 650 |
|
0 |
|a Budget
|z United States.
|
| 651 |
|
0 |
|a United States
|x Appropriations and expenditures.
|
| 999 |
|
|
|a MARS
|
| 999 |
f |
f |
|s a3062fc4-ef72-3c67-b1ad-a761cd9cbe19
|i 3b2ca0ea-9319-3b65-923b-a5c13c97bab7
|t 0
|
| 952 |
f |
f |
|p ric
|a Texas A&M University
|b Rellis Campus
|c Joint Library Facility
|d Remote Storage
|t 0
|e HJ2051 .C6214
|h Library of Congress classification
|i unmediated -- volume
|m A14800751941
|
| 998 |
f |
f |
|a HJ2051 .C6214
|t 0
|l Remote Storage
|